Polska Imigracja Według Państw - Statystyki

Ogólne statystyki
  • Ten quiz został rozwiązany 79 razy
  • Średni wynik to 12 z 20
Statystyki odpowiedzi
Imigranci Kraj % Poprawnych
506 082 Ukraina
95%
132 748 Białoruś
89%
15 379 Niemcy
89%
18 977 Rosja
88%
5 464 Chiny
72%
12 238 Turcja
71%
4 661 Francja
69%
4 880 Hiszpania
66%
22 459 Indie
65%
5 318 Rumunia
63%
7 878 Włochy
62%
4 814 Bułgaria
58%
10 938 Wietnam
57%
8 243 Mołdawia
52%
26 907 Gruzja
48%
4 441 Armenia
43%
4 714 Bangladesz
38%
5 204 Azerbejdżan
37%
10 112 Uzbekistan
17%
6 424 Filipiny
15%
Nie znaleziono quizów pasujących do podanych kryteriów
Rozkład punktacji
Procent ludzi z każdym wynikiem
Percentyl według liczby udzielonych odpowiedzi
Twoja historia wyników
Nie rozwiązałeś tego quizu